| 000 | 00000nam 2200000za 4500 |
| 001 | 9.834533 |
| 003 | CaOODSP |
| 005 | 20221107150446 |
| 007 | cr ||||||||||| |
| 008 | 170330s2005 nucb |o f|0| 0 fre d |
| 040 | |aCaOODSP|bfre |
| 043 | |an-cn-nu |
| 086 | 1 |aR64-484/2005F-PDF |
| 245 | 00|aParc national du Canada Sirmilik |h[ressource électronique] : |bprononcer « Sir-mi-lik ». |
| 260 | |aPond Inlet, Nunavut : |bParcs Canada, |c2005. |
| 300 | |a[2] p. : |bcarte. |
| 500 | |aPubli. aussi en anglais sous le titre : Sirmilik National Park of Canada: pronounced "Seer-mee-leek". |
| 500 | |aTitre de départ. |
| 500 | |a« Printemps 2005 ». |
| 692 | 07|2gccst|aParc national |
| 710 | 2 |aParcs Canada. |
| 775 | 08|tSirmilik National Park of Canada |w(CaOODSP)9.834531 |
| 856 | 40|qPDF|s1.05 Mo|uhttps://publications.gc.ca/collections/collection_2017/pc/R64-484-2005-fra.pdf |